000 nam a22 7a 4500
999 _c7595
_d7595
005 20190702040527.0
008 190702b xxu||||| |||| 00| 0 eng d
020 _a0738208493
_bpaperback
040 _beng
_cAPEC Schools Library
_erda
082 _aC 016.65
_bB561 2003
245 _aThe Best business books ever : the 100 most influential management books you'll never have time to read
264 _aCambridge, MA :
_bBloomsbury Publishing, Plc.,
_c©2003.
300 _aix, 202 pages ;
336 _2rdacontent
_atext
337 _2rdamedia
_aunmediated
338 _2rdacarrier
_avolume
504 _aIncludes index.
650 _aManagement.
650 _aBusiness.
942 _2ddc
_cNFIC